Diccionario escolar de la lengua española

Guardat en:
Dades bibliogràfiques
Autor corporatiu: VOX (Autor)
Format: Llibre
Idioma:espanyol
Publicat: Barcelona Biblograf 1971
Edició:2a. ed
Matèries:
Etiquetes: Afegir etiqueta
Sense etiquetes, Sigues el primer a etiquetar aquest registre!

MARC

LEADER 00000nam a2200000 a 4500
001 UCQ5454
003 CL-VaPUC
008 980925e19710000SP |||||||||||||||||spa|d
082 0 4 |a 463  |b VOX  |2 21 
110 2 |a VOX  |e author  |9 419547 
245 1 0 |a Diccionario escolar de la lengua española 
250 |a 2a. ed 
300 |a 769 p 
942 |c BK 
945 |d 19980925 00:00:00  |a lriquelm 
260 |a Barcelona  |b Biblograf  |c 1971 
650 0 |a Español  |9 255372 
650 0 |a Lingüística  |9 265068 
650 0 |a Diccionarios  |9 256200 
650 0 |a Glosarios  |9 261047 
583 |a last modification  |c 19980925 00:00:00  |k Rodrigo Vera 
999 |c 275665  |d 275663 
952 |0 0  |1 0  |4 0  |6 463_000000000000000_VOX_1971  |7 0  |8 A  |9 312463  |a FDOPOS  |b FDOPOS  |d 2019-11-20  |i 1471449  |o 463 VOX 1971  |p 1471449  |r 2025-01-22  |w 2019-11-20  |y BK  |k MLA